Gaming Quiz

Random Gaming or Card Games Quiz

Games from Cards Quiz Stats

 Plays Quiz Updated Apr 20, 2013

Also try: Board Game Blitz
Challenge
Share
Tweet
Score 0/20 Timer 05:00
0 Plays Today
% Correct
Monopoly
96.9%
Uno
93.8%
Clue(do)
87.7%
Trivial Pursuit
84.3%
Candyland
83.3%
Risk
78.2%
Pokémon
75.7%
Apples to Apples
62.6%
Magic: The Gathering
50.5%
Operation
41%
% Correct
Pictionary
39%
Taboo
37.6%
Settlers of Catan
32.9%
Set
32.1%
Cranium
31.8%
Ticket to Ride
15.3%
Pandemic
9.9%
Mille Bornes
9%
Dominion
8.1%
Fluxx
7.2%

You're not logged in!

Compare scores with friends on all Sporcle quizzes.
Join for Free
OR
Log In

You Might Also Like...

Show Comments

Extras

Top Quizzes Today


Score Distribution

Your Account Isn't Verified!

In order to create a playlist on Sporcle, you need to verify the email address you used during registration. Go to your Sporcle Settings to finish the process.

Report this User

Report this user for behavior that violates our Community Guidelines.

Details: